<?xml version="1.0" encoding="UTF-8"?><?xml-stylesheet type="text/xsl" href="static/style.xsl"?><OAI-PMH xmlns="http://www.openarchives.org/OAI/2.0/" xmlns:xsi="http://www.w3.org/2001/XMLSchema-instance" xsi:schemaLocation="http://www.openarchives.org/OAI/2.0/ http://www.openarchives.org/OAI/2.0/OAI-PMH.xsd"><responseDate>2026-06-06T04:22:43Z</responseDate><request verb="GetRecord" identifier="oai:riuma.uma.es:10630/22794" metadataPrefix="marc">https://riuma.uma.es/rest/oai/request</request><GetRecord><record><header><identifier>oai:riuma.uma.es:10630/22794</identifier><datestamp>2026-02-03T12:18:41Z</datestamp><setSpec>com_10630_2254</setSpec><setSpec>col_10630_37959</setSpec></header><metadata><record xmlns="http://www.loc.gov/MARC21/slim" xmlns:dcterms="http://purl.org/dc/terms/" xmlns:doc="http://www.lyncode.com/xoai" xmlns:xsi="http://www.w3.org/2001/XMLSchema-instance" xsi:schemaLocation="http://www.loc.gov/MARC21/slim http://www.loc.gov/standards/marcxml/schema/MARC21slim.xsd">
   <leader>00925njm 22002777a 4500</leader>
   <datafield ind2=" " ind1=" " tag="042">
      <subfield code="a">dc</subfield>
   </datafield>
   <datafield ind2=" " ind1=" " tag="720">
      <subfield code="a">Martín-Jaime, Juan Jesús</subfield>
      <subfield code="e">author</subfield>
   </datafield>
   <datafield ind2=" " ind1=" " tag="720">
      <subfield code="a">Velasco-Martínez, Leticia Concepción</subfield>
      <subfield code="e">author</subfield>
   </datafield>
   <datafield ind2=" " ind1=" " tag="720">
      <subfield code="a">Tójar-Hurtado, Juan Carlos</subfield>
      <subfield code="e">author</subfield>
   </datafield>
   <datafield ind2=" " ind1=" " tag="260">
      <subfield code="c">2021</subfield>
   </datafield>
   <datafield ind2=" " ind1=" " tag="520">
      <subfield code="a">Este estudio muestra cómo evaluar la efectividad de un programa dirigido a alumnado de educación obligatoria. El tema del programa se centró en los efectos del cambio climático en relación  al modelo de consumo y la generación de residuos. Se planteó una metodología mixta de investigación. Los análisis multivariantes relacionaron los niveles educativos de los estudiantes con los aprendizajes adquiridos en el programa. Así, por ejemplo, los resultados muestran cómo los escolares están convencidos de que adoptar unos mínimos hábitos proambientales (apagar luces y desenchufar aparatos electrónicos, elegir el transporte público para desplazarse o usar energía solar y eólica para producir electricidad), puede ayudar a mitigar el cambio climático. Las conclusiones de este trabajo muestran las dificultades y desafíos de una educación para el consumo responsable, poniendo en valor el desarrollo de programas de educación ambiental para mitigar los efectos del cambio climático</subfield>
   </datafield>
   <datafield ind1="8" ind2=" " tag="024">
      <subfield code="a">https://hdl.handle.net/10630/22794</subfield>
   </datafield>
   <datafield tag="653" ind2=" " ind1=" ">
      <subfield code="a">Educación ambiental - Congresos</subfield>
   </datafield>
   <datafield ind2="0" ind1="0" tag="245">
      <subfield code="a">Investigación evaluativa sobre un programa educativo que trata el cambio climático</subfield>
   </datafield>
</record>
</metadata></record></GetRecord></OAI-PMH>